Estadísticas para River Plate, Plantel Campeon De La Copa Libertadores 2015

Haz click aquí para intentar la prueba.

Estadísticas generales

  • Esta prueba ha sido intentada 60 veces
  • La puntuación promedio es 21 de 37

Estadísticas de respuestas

PosJugadores% Correcto
DEFJonatan Maidana2
100%
ARQMarcelo Barovero1
100%
DEFRamiro Funes Mori6
96%
VOLCarlos Sanchez8
93%
DELRodrigo Mora7
91%
DEFGabriel Mercado25
89%
VOLLeonardo Ponzio23
89%
DTMarcelo Gallardo
89%
DELLucas Alario13
87%
DEFLeonel Vangioni21
80%
DELTeofilo Gutierrez19
78%
DELFernando Cavenaghi9
76%
DELSebastian Driussi22
69%
ARQAugusto Batalla12
67%
VOLLeonardo Pisculichi15
67%
VOLMatias Kranevitter5
67%
ARQJulio Chiarini26
64%
VOLAriel Rojas16
60%
DEFCamilo Mayada18
60%
DEFEder Alvarez Balanta3
60%
DEFGerman Pezzella20
51%
VOLGonzalo Martinez10
51%
DELJavier Saviola11
51%
VOLTabare Viudez19
51%
DEFEmanuel Mammana24
49%
VOLLuis Gonzalez27
42%
VOLNicolas Bertolo16
40%
DELGiovanni Simeone29
33%
VOLGuido Rodriguez4
33%
DELLucas Boye17
27%
VOLEzequiel Cirigliano27
24%
VOLAugusto Solari14
22%
DEFBruno Urribarri13
20%
VOLTomas Martinez30
20%
DEFLeandro Vega29
16%
VOLOsmar Ferreyra11
16%
DELJuan Kaprof28
13%

Distribución de puntuación

Porcentaje por número respondido

Porcentaje de gente con cada puntuación

Historial de tus puntuaciones

No has intentado esta prueba.